[Event "TCh-FRA Top 16 GpB 2022"]
[Site "Chartres FRA"]
[Date "2022.06.15"]
[Round "7.1"]
[Board "2"]
[White "Alekseenko, Kirill"]
[Black "Nihal, Sarin"]
[Result "1/2-1/2"]
[WhiteTitle "GM"]
[BlackTitle "GM"]
[WhiteElo "2701"]
[BlackElo "2654"]
[WhiteTeam "Asnieres - Le Grand Echiquier"]
[BlackTeam "Mulhouse Philidor"]
[WhiteFideId "4135539"]
[BlackFideId "25092340"]
[EventDate "2022.06.09"]

1. e4 e5 2. Nf3 Nf6 3. d4 Nxe4 4. Bd3 d5 5. Nxe5 Nd7 6. O-O Nxe5 7. dxe5 Nc5 8.
Be3 c6 9. f4 Nxd3 10. Qxd3 g6 11. Nc3 Bf5 12. Qe2 h5 13. Qf2 b6 14. Ne2 Qd7 15.
Ng3 Be7 16. Nxf5 Qxf5 17. c3 O-O 18. Rae1 Rad8 19. b4 Rc8 20. Qf3 Rfd8 21. h3 h4
22. Bf2 c5 23. e6 Bf6 24. exf7+ Kxf7 25. bxc5 bxc5 26. Rb1 d4 27. cxd4 cxd4 28.
Rb7+ Rd7 29. Rd1 Rd8 30. Rxd7+ Rxd7 31. Rd3 Qd5 1/2-1/2

[Event "TCh-FRA Top 16 GpB 2022"]
[Site "Chartres FRA"]
[Date "2022.06.15"]
[Round "7.1"]
[Board "3"]
[White "Mendonca, Leon Luke"]
[Black "Gozzoli, Yannick"]
[Result "1-0"]
[WhiteTitle "GM"]
[BlackTitle "GM"]
[WhiteElo "2562"]
[BlackElo "2594"]
[WhiteTeam "Mulhouse Philidor"]
[BlackTeam "Asnieres - Le Grand Echiquier"]
[WhiteFideId "35028561"]
[BlackFideId "616915"]
[EventDate "2022.06.09"]

1. d4 d5 2. c4 e6 3. Nc3 Nf6 4. Nf3 c5 5. cxd5 exd5 6. Bg5 Be6 7. e3 c4 8. Be2
Bb4 9. O-O Nbd7 10. Bxf6 Qxf6 11. e4 Bxc3 12. bxc3 O-O 13. Rb1 Rab8 14. Nd2 b5
15. Bf3 Qg5 16. Re1 a6 17. a4 h6 18. g3 Nf6 19. e5 Ne8 20. Nf1 Nc7 21. Bg2 f5
22. exf6 Qxf6 23. f4 Bf5 24. Rb2 Bd3 25. Re5 b4 26. Rxb4 Rxb4 27. cxb4 Qb6 28.
Ne3 Qxd4 29. Kh1 Rd8 30. h4 Qb2 31. Re7 d4 32. Ng4 Ne8 33. Nxh6+ gxh6 34. Qh5
Qb1+ 35. Kh2 Bg6 36. Bd5+ Rxd5 37. Qxd5+ Kf8 38. Qc5 Kg8 39. Qxc4+ Kf8 40. Qc5
Qc2+ 41. Qxc2 Bxc2 42. Rd7 d3 43. Kg2 Nf6 44. Rd4 Bxa4 45. Rxd3 Bc6+ 46. Kf2 Ke7
47. Ke3 Bb5 48. Rd1 Ke6 49. Rd8 Kf5 50. Kd4 h5 51. Rf8 Ke6 52. Ra8 Kf5 53. Ra7
Ne4 54. Rg7 Bf1 55. Rg8 Be2 56. Rf8+ Nf6 57. Rf7 Bb5 58. Re7 Kg6 59. Re6 Kf5 60.
Re5+ Kg6 61. f5+ Kf7 62. Re6 Ng4 63. Ke4 Bc4 64. Rd6 Ke7 65. Rd4 Bb5 66. Kf4 Nf6
67. Rd1 Be8 68. Re1+ Kf7 69. Kg5 Bd7 70. Ra1 Bb5 71. Rc1 Ne4+ 72. Kf4 Nf2 73.
Rc8 Kf6 74. Rf8+ Kg7 75. Rb8 Kf6 76. Rb6+ Kf7 77. Rh6 Nd3+ 78. Kg5 Nxb4 79. Rh7+
Kg8 80. Rb7 Nd5 81. Kxh5 Be8+ 82. Kg5 a5 83. h5 a4 84. h6 Nc3 85. h7+ Kh8 86.
Re7 Bc6 87. Kh6 1-0

[Event "TCh-FRA Top 16 GpB 2022"]
[Site "Chartres FRA"]
[Date "2022.06.15"]
[Round "7.1"]
[Board "4"]
[White "Moussard, Jules"]
[Black "Burri, Quentin"]
[Result "1/2-1/2"]
[WhiteTitle "GM"]
[BlackTitle "IM"]
[WhiteElo "2668"]
[BlackElo "2402"]
[WhiteTeam "Asnieres - Le Grand Echiquier"]
[BlackTeam "Mulhouse Philidor"]
[WhiteFideId "642908"]
[BlackFideId "26028654"]
[EventDate "2022.06.09"]

1. e4 c5 2. Nf3 d6 3. d4 cxd4 4. Nxd4 Nf6 5. Nc3 Nc6 6. Bg5 e6 7. Qd2 Be7 8.
O-O-O Nxd4 9. Qxd4 O-O 10. h4 h6 11. f3 e5 12. Qf2 Be6 13. Bxf6 Bxf6 14. Nd5 Rc8
15. a3 Rc5 16. b4 Rc8 17. Kb2 a5 18. c3 Be7 19. g3 axb4 20. axb4 Qd7 21. Qb6 Rc6
22. Bb5 Rxb6 23. Bxd7 Bxd5 24. Rxd5 Ra6 25. Bb5 Ra7 26. Bc4 b6 27. Rhd1 Rc8 28.
Bb3 Rac7 29. R1d3 g6 30. Rb5 Rb8 31. Bd5 Kg7 32. c4 Ra7 33. Rc3 Bd8 34. Rd3 Be7
35. Rb3 Bd8 36. Kb1 Bc7 37. Bc6 Bd8 38. Rd5 Rc8 39. b5 Be7 40. Rdd3 Rcc7 41. Ra3
Rxa3 42. Rxa3 d5 43. Ra6 dxe4 44. fxe4 Bc5 45. g4 Re7 46. Bd5 Rc7 47. Kc2 Re7
48. Kd3 Rc7 49. Ke2 Re7 50. Kf3 Rc7 51. g5 hxg5 52. hxg5 Re7 53. Kg4 Rc7 54. Ra1
Bd4 55. Rf1 Ra7 56. Rf6 Bc5 57. Rc6 Bd4 58. Rc8 Ra1 59. Rc7 Rf1 60. Kh3 Be3 61.
Kg2 Rf2+ 62. Kg3 Rf1 63. Rd7 Bc5 64. Rc7 Bd4 65. Ra7 Bc5 66. Kg2 Rf2+ 67. Kh3
Rf1 68. Rc7 Bd4 69. Re7 Kf8 70. Rd7 Kg7 71. Rd8 Rg1 72. Kh2 Rg4 73. Kh3 Rg1 74.
Re8 Rxg5 75. Re7 Rg1 76. Rxf7+ Kh6 77. Kh2 Rg4 78. Rf3 1/2-1/2

[Event "TCh-FRA Top 16 GpB 2022"]
[Site "Chartres FRA"]
[Date "2022.06.15"]
[Round "7.1"]
[Board "5"]
[White "Papadiamandis, Elliot"]
[Black "Cornette, Matthieu"]
[Result "0-1"]
[WhiteTitle "IM"]
[BlackTitle "GM"]
[WhiteElo "2372"]
[BlackElo "2563"]
[WhiteTeam "Mulhouse Philidor"]
[BlackTeam "Asnieres - Le Grand Echiquier"]
[WhiteFideId "36074160"]
[BlackFideId "620084"]
[EventDate "2022.06.09"]

1. e4 c5 2. Nf3 Nc6 3. Nc3 g6 4. Bb5 Bg7 5. O-O d6 6. e5 dxe5 7. Bxc6+ bxc6 8.
Re1 Qc7 9. d3 c4 10. dxc4 f5 11. Be3 e4 12. Bd4 Nf6 13. Be5 Qa5 14. a3 exf3 15.
Qxf3 Qa6 16. Bd6 e6 17. Nb5 cxb5 18. Qxa8 Kf7 19. cxb5 Qxd6 20. Qxa7+ Qd7 21.
Qa4 Bb7 22. Rad1 Qc7 23. h3 Ra8 24. Qb3 Bd5 25. Qd3 Ne4 26. c4 Qc5 27. Qe3 Qxc4
28. Rc1 Qxb5 29. Rc7+ Kg8 30. Qc1 Qxb2 0-1

[Event "TCh-FRA Top 16 GpB 2022"]
[Site "Chartres FRA"]
[Date "2022.06.15"]
[Round "7.1"]
[Board "6"]
[White "Movsesian, Sergei"]
[Black "Rakotomaharo, Fy Antenaina"]
[Result "1-0"]
[WhiteTitle "GM"]
[BlackTitle "IM"]
[WhiteElo "2607"]
[BlackElo "2466"]
[WhiteTeam "Asnieres - Le Grand Echiquier"]
[BlackTeam "Mulhouse Philidor"]
[WhiteFideId "310204"]
[BlackFideId "13100050"]
[EventDate "2022.06.09"]

1. e4 e5 2. Nf3 Nc6 3. Bb5 a6 4. Ba4 Nf6 5. O-O Bc5 6. c3 Ba7 7. d4 b5 8. Bb3 d6
9. h3 O-O 10. Be3 Bb7 11. Nbd2 h6 12. a4 exd4 13. cxd4 Nb4 14. Qe2 Qd7 15. d5
Bxe3 16. Qxe3 Rfe8 17. Qc3 a5 18. Rfe1 c6 19. dxc6 Bxc6 20. axb5 Bxe4 21. Nd4
Rec8 22. Qg3 d5 23. Rec1 Rxc1+ 24. Rxc1 Qa7 25. Qe3 Bd3 26. Ba4 Qb6 27. N2f3 Be4
28. Nd2 Bd3 29. N2f3 Be4 30. Ne5 Re8 31. f4 Nh5 32. Kh2 g5 33. g3 Kh7 34. Bd1
gxf4 35. gxf4 Rg8 36. Bg4 Nf6 37. Rg1 Nxg4+ 38. Rxg4 Rxg4 39. hxg4 f6 40. Nd7
Qd6 41. Ne6 Kh8 42. Ndc5 Nd3 43. Qd4 Qe7 44. b6 Nxc5 45. Qxc5 1-0

[Event "TCh-FRA Top 16 GpB 2022"]
[Site "Chartres FRA"]
[Date "2022.06.15"]
[Round "7.1"]
[Board "7"]
[White "Sokolov, Andrei1"]
[Black "Degraeve, Jean-Marc"]
[Result "1/2-1/2"]
[WhiteTitle "GM"]
[BlackTitle "GM"]
[WhiteElo "2461"]
[BlackElo "2518"]
[WhiteTeam "Mulhouse Philidor"]
[BlackTeam "Asnieres - Le Grand Echiquier"]
[WhiteFideId "627089"]
[BlackFideId "600270"]
[EventDate "2022.06.09"]

1. e4 c5 2. Nf3 g6 3. c3 d5 4. exd5 Qxd5 5. d4 Bg7 6. Be3 cxd4 7. cxd4 Qd8 8.
Nc3 Nh6 9. d5 O-O 10. Be2 Bg4 11. Nd4 Bxe2 12. Qxe2 Qd7 13. h3 Nf5 14. Nxf5 Qxf5
15. Rd1 Nd7 16. O-O a6 17. Rfe1 1/2-1/2

[Event "TCh-FRA Top 16 GpB 2022"]
[Site "Chartres FRA"]
[Date "2022.06.15"]
[Round "7.1"]
[Board "8"]
[White "Guichard, Pauline"]
[Black "Navrotescu, Andreea"]
[Result "0-1"]
[WhiteTitle "IM"]
[BlackTitle "WIM"]
[WhiteElo "2377"]
[BlackElo "2350"]
[WhiteTeam "Asnieres - Le Grand Echiquier"]
[BlackTeam "Mulhouse Philidor"]
[WhiteFideId "639370"]
[BlackFideId "675946"]
[EventDate "2022.06.09"]

1. d4 Nf6 2. c4 e6 3. Nf3 d5 4. Nc3 c6 5. e3 Nbd7 6. Be2 Bd6 7. O-O O-O 8. b3 b6
9. Bb2 Bb7 10. Bd3 Qe7 11. Re1 c5 12. cxd5 exd5 13. Nb5 Bb8 14. Bf5 a6 15. Nc3
Re8 16. Rc1 Qd6 17. g3 Bc7 18. Re2 Rad8 19. Ba3 Qc6 20. Bh3 c4 21. Bg2 b5 22.
Nd2 Qb6 23. bxc4 dxc4 24. Nxc4 bxc4 25. Rb2 Qa5 26. Rxb7 Bxg3 27. Bb4 Bxf2+ 28.
Kxf2 Qg5 29. Kg1 Qxe3+ 30. Kh1 Ng4 31. Rc2 Qe1+ 32. Bf1 Nf2+ 33. Rxf2 Qxf2 34.
Nd5 Ne5 35. dxe5 Rxd5 36. Qe2 Qf5 37. Bc3 Rd3 38. Ba1 Rd2 39. Qe1 Qf3+ 40. Kg1
Rd1 0-1

[Event "TCh-FRA Top 16 GpB 2022"]
[Site "Chartres FRA"]
[Date "2022.06.15"]
[Round "7.2"]
[Board "1"]
[White "Vernay, Clovis"]
[Black "Kulaots, Kaido"]
[Result "1/2-1/2"]
[WhiteTitle "GM"]
[BlackTitle "GM"]
[WhiteElo "2520"]
[BlackElo "2537"]
[WhiteTeam "Lyon Olympique Echecs"]
[BlackTeam "Les Tours des Hauts de France - St Quentin"]
[WhiteFideId "633046"]
[BlackFideId "4500261"]
[EventDate "2022.06.09"]

1. d4 Nf6 2. c4 g6 3. f3 d5 4. cxd5 Nxd5 5. e4 Nb6 6. Nc3 Bg7 7. Be3 O-O 8. Qd2
Nc6 9. O-O-O Qd6 10. Kb1 Rd8 11. Nb5 Qd7 12. d5 a6 13. dxc6 Qxd2 14. Rxd2 Rxd2
15. Bxd2 axb5 16. cxb7 Bxb7 17. Bxb5 f5 18. exf5 gxf5 19. Ne2 Bd5 20. Nc3 Bxc3
21. Bxc3 Bxa2+ 22. Kc2 Bd5 23. Re1 Kf7 24. Bd3 e6 25. g4 Na4 26. gxf5 Nxc3 27.
fxe6+ Bxe6 28. Kxc3 Kf6 29. Re4 h6 30. b4 Ra1 31. Kd4 Rd1 32. Ke3 Rh1 33. h4 Ra1
34. Rf4+ Ke5 35. Re4+ Kf6 36. Kd4 Rd1 37. b5 Bd7 38. Ke3 Re1+ 39. Kd4 Rd1 40.
Rf4+ Ke7 41. Kc3 Rc1+ 42. Kb4 Rh1 43. Bc4 Rh2 44. Kc5 Rh1 45. Rf7+ Ke8 46. Rh7
Rxh4 47. Bd5 Rh1 48. Bc6 Rc1+ 49. Kd5 Rd1+ 50. Ke5 Re1+ 51. Kd5 Rd1+ 52. Ke5
Re1+ 53. Kd5 1/2-1/2

[Event "TCh-FRA Top 16 GpB 2022"]
[Site "Chartres FRA"]
[Date "2022.06.15"]
[Round "7.2"]
[Board "2"]
[White "Neiksans, Arturs"]
[Black "Benitah, Yohan"]
[Result "1-0"]
[WhiteTitle "GM"]
[BlackTitle "IM"]
[WhiteElo "2590"]
[BlackElo "2385"]
[WhiteTeam "Les Tours des Hauts de France - St Quentin"]
[BlackTeam "Lyon Olympique Echecs"]
[WhiteFideId "11601388"]
[BlackFideId "609560"]
[EventDate "2022.06.09"]

1. d4 Nf6 2. c4 c5 3. d5 b5 4. cxb5 a6 5. b6 d6 6. Nc3 Qxb6 7. e4 g6 8. Nf3 Bg4
9. Qa4+ Bd7 10. Qc2 Bg7 11. Nd2 O-O 12. Nc4 Qc7 13. Be2 Bb5 14. O-O Nbd7 15. Bd2
Bxc4 16. Bxc4 Rfb8 17. Rab1 Qa7 18. b3 Ne5 19. Be2 Ne8 20. Kh1 Nc7 21. a4 Rb7
22. f4 Nd7 23. Nd1 Rab8 24. Ne3 Nb6 25. h4 e6 26. a5 Nd7 27. dxe6 Nxe6 28. Bc4
Nd4 29. Qd3 Nf6 30. f5 Nh5 31. Ng4 Be5 32. Nxe5 dxe5 33. Qe3 Rd8 34. Rf2 Qb8 35.
Qg5 Qd6 36. fxg6 hxg6 37. Rbf1 Rdd7 38. Rf6 Nxf6 39. Rxf6 Ne6 40. Bxe6 Qxd2 41.
Rxg6+ 1-0

[Event "TCh-FRA Top 16 GpB 2022"]
[Site "Chartres FRA"]
[Date "2022.06.15"]
[Round "7.2"]
[Board "4"]
[White "Godart, Francois"]
[Black "Marzolo, Cyril"]
[Result "1/2-1/2"]
[WhiteTitle "IM"]
[BlackTitle "IM"]
[WhiteElo "2394"]
[BlackElo "2378"]
[WhiteTeam "Les Tours des Hauts de France - St Quentin"]
[BlackTeam "Lyon Olympique Echecs"]
[WhiteFideId "208078"]
[BlackFideId "608653"]
[EventDate "2022.06.09"]

1. d4 Nf6 2. c4 e6 3. g3 c5 4. d5 exd5 5. cxd5 d6 6. Nc3 g6 7. Bg2 Bg7 8. Nf3
O-O 9. O-O Re8 10. Bf4 Bf5 11. Nh4 Bg4 12. Qd2 b5 1/2-1/2

[Event "TCh-FRA Top 16 GpB 2022"]
[Site "Chartres FRA"]
[Date "2022.06.15"]
[Round "7.2"]
[Board "5"]
[White "Rouler, Charly"]
[Black "Dionisi, Thomas"]
[Result "0-1"]
[WhiteTitle "FM"]
[BlackTitle "IM"]
[WhiteElo "2346"]
[BlackElo "2410"]
[WhiteTeam "Lyon Olympique Echecs"]
[BlackTeam "Les Tours des Hauts de France - St Quentin"]
[WhiteFideId "621692"]
[BlackFideId "651893"]
[EventDate "2022.06.09"]

1. d4 Nf6 2. c4 e6 3. Nc3 Bb4 4. Qc2 O-O 5. a3 Bxc3+ 6. Qxc3 b6 7. Bg5 Bb7 8. e3
d6 9. f3 Nbd7 10. Bd3 c5 11. Ne2 cxd4 12. exd4 Rc8 13. Qb3 d5 14. O-O dxc4 15.
Bxc4 h6 16. Bh4 Qe7 17. Rfe1 g5 18. Bg3 Nh5 19. Bf2 Qd6 20. Nc3 Ndf6 21. Rac1
Nf4 22. h4 Kh8 23. hxg5 Rg8 24. Nb5 Qe7 25. gxf6 Rxg2+ 26. Kf1 Qxf6 27. Qe3 Rcg8
28. Qe5 Qxe5 29. Rxe5 Nh3 30. Rc2 Bxf3 31. Ke1 Rh2 32. Re3 Bh5 33. Bf1 Nf4 34.
d5 Rh1 35. Re5 Nd3+ 36. Kd2 Nxe5 0-1

[Event "TCh-FRA Top 16 GpB 2022"]
[Site "Chartres FRA"]
[Date "2022.06.15"]
[Round "7.2"]
[Board "6"]
[White "Housieaux, David"]
[Black "Brailly-Vignal, Bastien"]
[Result "1-0"]
[WhiteTitle "IM"]
[BlackTitle "FM"]
[WhiteElo "2412"]
[BlackElo "2361"]
[WhiteTeam "Les Tours des Hauts de France - St Quentin"]
[BlackTeam "Lyon Olympique Echecs"]
[WhiteFideId "617938"]
[BlackFideId "658804"]
[EventDate "2022.06.09"]

1. Nf3 Nf6 2. c4 e6 3. g3 b6 4. Bg2 Bb7 5. O-O Be7 6. b3 O-O 7. Bb2 d5 8. e3 c5
9. Nc3 dxc4 10. bxc4 Nc6 11. Qe2 Qc8 12. Rad1 Rd8 13. Ne1 Na5 14. f4 Bxg2 15.
Nxg2 Ne8 16. g4 Nd6 17. d3 f5 18. g5 Bf8 19. Rf3 Rd7 20. Ba1 Qe8 21. Rh3 Rad8
22. Ne1 g6 23. Rg3 Bg7 24. Rc1 Nc6 25. h4 a6 26. Na4 Bxa1 27. Rxa1 Rb7 28. h5
Nb4 29. Nc3 e5 30. hxg6 exf4 31. gxh7+ Rxh7 32. exf4 Re7 33. Qf2 Qh5 34. a3 Qh8
35. Rc1 Rh7 36. Qf3 Qd4+ 37. Kg2 Nxc4 38. axb4 cxb4 39. Ne2 Qh8 40. Rxc4 Rh2+
41. Kg1 b3 42. Qe3 Rh1+ 43. Kf2 b2 44. Qe6+ Kf8 45. Rc7 Qh2+ 46. Ng2 Rf1+ 47.
Kxf1 b1=Q+ 48. Kf2 1-0

[Event "TCh-FRA Top 16 GpB 2022"]
[Site "Chartres FRA"]
[Date "2022.06.15"]
[Round "7.2"]
[Board "7"]
[White "Buscara, Sevan"]
[Black "Chabanon, Jean-Luc"]
[Result "0-1"]
[WhiteTitle "IM"]
[BlackTitle "GM"]
[WhiteElo "2386"]
[BlackElo "2429"]
[WhiteTeam "Lyon Olympique Echecs"]
[BlackTeam "Les Tours des Hauts de France - St Quentin"]
[WhiteFideId "650234"]
[BlackFideId "600075"]
[EventDate "2022.06.09"]

1. Nf3 Nf6 2. c4 e6 3. g3 d5 4. Bg2 Be7 5. O-O O-O 6. b3 c5 7. cxd5 Nxd5 8. d4
Nc6 9. Bb2 cxd4 10. Nxd4 Nxd4 11. Qxd4 Bf6 12. Qd2 Bxb2 13. Qxb2 Bd7 14. Rd1 Bc6
15. Bxd5 exd5 16. Qd4 Qe7 17. Nc3 a5 18. Rd3 b5 19. Rad1 b4 20. Re3 Qc7 21. Nb1
Bb7 22. Nd2 Qc2 23. Nf3 Qxa2 24. Ne1 a4 25. Ra1 axb3 26. Rxa2 bxa2 27. Nc2 Rfc8
28. Na1 Rc1+ 29. Kg2 Rxa1 30. Re7 Rg1+ 31. Kxg1 a1=Q+ 32. Qxa1 Rxa1+ 33. Kg2 Bc6
34. Rc7 Be8 0-1

[Event "TCh-FRA Top 16 GpB 2022"]
[Site "Chartres FRA"]
[Date "2022.06.15"]
[Round "7.3"]
[Board "1"]
[White "Di Nicolantonio, Lucas"]
[Black "Fantinel, Thibault"]
[Result "1/2-1/2"]
[WhiteTitle "IM"]
[BlackTitle "IM"]
[WhiteElo "2382"]
[BlackElo "2388"]
[WhiteTeam "Echiquier de l'Erdre"]
[BlackTeam "Echiquier Agenais"]
[WhiteFideId "680460"]
[BlackFideId "663395"]
[EventDate "2022.06.09"]

1. e4 c5 2. Nf3 Nc6 3. Bc4 e6 4. O-O Nf6 5. Re1 Nxe4 6. Rxe4 d5 7. Bxd5 Qxd5 8.
Nc3 Qf5 9. d4 cxd4 10. Nxd4 Nxd4 11. Rxd4 Be7 12. Be3 O-O 13. Rf4 Qe5 14. Qf3
Qc7 15. Rd4 Bf6 16. Rd3 Bd7 17. Bf4 Qc8 18. Qg3 Bc6 19. Be5 Bxe5 20. Qxe5 Rd8
21. Rad1 Rxd3 22. Rxd3 Qf8 23. Qd4 Qe7 24. h3 h6 25. a3 a6 26. b4 Rc8 27. Rg3 g6
28. Qe5 Qc7 29. Qf6 Rd8 30. h4 h5 31. Rd3 Rxd3 32. cxd3 e5 33. d4 exd4 34. Qxd4
Qe7 35. f3 Qe1+ 36. Kh2 Qa1 37. Qd8+ Kg7 38. Qd4+ Kg8 39. Qd8+ Kg7 1/2-1/2

[Event "TCh-FRA Top 16 GpB 2022"]
[Site "Chartres FRA"]
[Date "2022.06.15"]
[Round "7.3"]
[Board "2"]
[White "Kirk, Ezra"]
[Black "Duboue, Peio"]
[Result "1/2-1/2"]
[WhiteTitle "IM"]
[BlackTitle "FM"]
[WhiteElo "2457"]
[BlackElo "2426"]
[WhiteTeam "Echiquier Agenais"]
[BlackTeam "Echiquier de l'Erdre"]
[WhiteFideId "600067"]
[BlackFideId "654833"]
[EventDate "2022.06.09"]

1. e4 e5 2. Nf3 Nc6 3. Bc4 Nf6 4. d3 Bc5 5. c3 d6 6. O-O O-O 7. Bb3 a6 8. Re1
Ba7 9. h3 Be6 10. Nbd2 Re8 11. Nf1 h6 12. Bxe6 Rxe6 13. Qb3 Rb8 14. Ng3 Qd7 15.
Be3 Bxe3 16. Rxe3 Ne7 17. d4 Ng6 18. Rd1 Qb5 19. Qc2 Nf4 20. d5 Ree8 21. c4 Qc5
22. Rb1 a5 23. a3 Qa7 24. Nf5 Kh7 25. Rc3 Nd7 26. g3 Nh5 27. b4 g6 28. Ne3 axb4
29. axb4 b6 30. Qc1 Nhf6 31. Ra3 Qb7 32. Nd2 Ra8 33. Rba1 Kg7 34. Kg2 Rec8 35.
Qb2 Kf8 36. f3 Rcb8 37. Nb1 Rxa3 38. Nxa3 Ra8 39. Nb5 Ne8 40. Ra3 Rxa3 41. Qxa3
Nb8 42. Na7 Qa8 43. Qa4 Nd7 44. Nd1 Ndf6 45. Nc3 Ng8 46. Qa6 Qd8 47. Qa1 Qg5 48.
Qe1 f5 49. h4 Qf6 50. Nc6 Ne7 51. Nb8 Kg7 52. Qf2 g5 1/2-1/2

[Event "TCh-FRA Top 16 GpB 2022"]
[Site "Chartres FRA"]
[Date "2022.06.15"]
[Round "7.3"]
[Board "3"]
[White "Real, Thibault"]
[Black "Le Hetet, Nicolas"]
[Result "1/2-1/2"]
[WhiteTitle "FM"]
[BlackTitle "FM"]
[WhiteElo "2279"]
[BlackElo "2372"]
[WhiteTeam "Echiquier de l'Erdre"]
[BlackTeam "Echiquier Agenais"]
[WhiteFideId "205559"]
[BlackFideId "634824"]
[EventDate "2022.06.09"]

1. e4 c5 2. Nf3 Nc6 3. Bc4 e5 4. O-O Be7 5. d4 cxd4 6. c3 Nf6 7. cxd4 exd4 8. e5
Ne4 9. Bd5 Nc5 10. Nxd4 Nxe5 11. Nc3 d6 12. h3 O-O 13. Be3 Bf6 14. a3 a5 15.
Ndb5 Ned3 16. Rb1 a4 17. Nxa4 Rxa4 18. b4 Nb2 19. Rxb2 Bxb2 20. Nxd6 Be6 21.
Bxc5 Bxd5 22. Qxa4 b6 23. Rd1 Qg5 24. Rxd5 Qxd5 25. Nf5 Qxf5 26. Bxf8 Qb1+ 27.
Kh2 Be5+ 28. g3 Kxf8 29. Qa8+ Ke7 30. Qb7+ Ke8 31. Qc6+ Ke7 32. Qb7+ Ke6 33.
Qc8+ Ke7 1/2-1/2

[Event "TCh-FRA Top 16 GpB 2022"]
[Site "Chartres FRA"]
[Date "2022.06.15"]
[Round "7.3"]
[Board "4"]
[White "Favarel, Julien"]
[Black "Eugene, Floryan"]
[Result "0-1"]
[WhiteTitle "FM"]
[BlackTitle "FM"]
[WhiteElo "2312"]
[BlackElo "2373"]
[WhiteTeam "Echiquier Agenais"]
[BlackTeam "Echiquier de l'Erdre"]
[WhiteFideId "633453"]
[BlackFideId "20694784"]
[EventDate "2022.06.09"]

1. e4 e5 2. Nf3 Nc6 3. d4 exd4 4. Nxd4 Nf6 5. Nxc6 bxc6 6. Nc3 Bb4 7. Bd3 d5 8.
Bd2 O-O 9. O-O Rb8 10. Re1 Bg4 11. Qc1 Re8 12. exd5 Rxe1+ 13. Qxe1 cxd5 14. h3
Be6 15. a3 Bf8 16. b4 c5 17. bxc5 Bxc5 18. Na4 Bf8 19. Bb4 Bd7 20. Bxf8 Qxf8 21.
Qa5 Bxa4 22. Qxa4 Qc5 23. Re1 g6 24. g3 Kg7 25. Kg2 a5 26. Re3 Rb1 27. Rf3 Qc3
28. Qf4 Qa1 29. Bf1 Rxf1 30. Qxf6+ Qxf6 31. Rxf6 Kxf6 32. Kxf1 Ke5 33. c3 d4 34.
Ke2 dxc3 35. Kd3 f5 36. f3 f4 37. g4 c2 38. Kxc2 Kd4 39. Kd2 g5 0-1

[Event "TCh-FRA Top 16 GpB 2022"]
[Site "Chartres FRA"]
[Date "2022.06.15"]
[Round "7.3"]
[Board "5"]
[White "De Pierrefeu, Thibaut"]
[Black "Ternault, Mathieu"]
[Result "0-1"]
[BlackTitle "FM"]
[WhiteElo "2188"]
[BlackElo "2367"]
[WhiteTeam "Echiquier de l'Erdre"]
[BlackTeam "Echiquier Agenais"]
[WhiteFideId "2109093"]
[BlackFideId "20641532"]
[EventDate "2022.06.09"]

1. e4 e6 2. d4 d5 3. exd5 exd5 4. Nf3 Nf6 5. Bd3 c5 6. O-O c4 7. Re1+ Be7 8. Bf1
O-O 9. b3 cxb3 10. axb3 Nc6 11. h3 Bf5 12. Ba3 Bxa3 13. Nxa3 Rc8 14. Ne5 Ne4 15.
Nxc6 Rxc6 16. c4 Rg6 17. cxd5 Qh4 18. Qf3 Ng5 19. Qxf5 Nxh3+ 20. Kh2 Nxf2+ 21.
Kg1 Ng4 22. Bd3 Qh2+ 23. Kf1 Rf6 24. Qxf6 gxf6 25. Nc4 Qf4+ 26. Ke2 Re8+ 27. Kd1
Rxe1+ 28. Kxe1 Qf2+ 29. Kd1 Qg1+ 0-1

[Event "TCh-FRA Top 16 GpB 2022"]
[Site "Chartres FRA"]
[Date "2022.06.15"]
[Round "7.3"]
[Board "6"]
[White "Boukhris-Ferre, Yacine"]
[Black "Hutois, Mickael"]
[Result "1/2-1/2"]
[BlackTitle "FM"]
[WhiteElo "2183"]
[BlackElo "2245"]
[WhiteTeam "Echiquier Agenais"]
[BlackTeam "Echiquier de l'Erdre"]
[WhiteFideId "697087"]
[BlackFideId "652091"]
[EventDate "2022.06.09"]

1. e4 e5 2. Nf3 Nc6 3. Bb5 a6 4. Ba4 Nf6 5. O-O b5 6. Bb3 Bc5 7. a4 Rb8 8. Nxe5
Nxe5 9. d4 Bxd4 10. Qxd4 d6 11. Bf4 c5 12. Qd2 c4 13. Ba2 O-O 14. f3 Qb6+ 15.
Be3 Qc7 16. Nc3 Be6 17. Rad1 b4 18. Nd5 Nxd5 19. exd5 Bd7 20. Bd4 Bxa4 21. f4
Nd7 22. Rf3 f6 23. Rh3 Rf7 24. Re1 Nf8 25. Qe2 Re8 26. Qf2 Rxe1+ 27. Qxe1 a5 28.
c3 Re7 29. Qf2 Bd7 30. f5 b3 31. Bb1 Qb7 32. Re3 Rxe3 33. Qxe3 Qxd5 34. Be4 Qb5
35. Qf3 a4 36. Bd5+ Kh8 37. Qe4 a3 38. Bxf6 gxf6 39. Qe7 Qxd5 40. Qxf8+ Qg8 41.
Qxf6+ Qg7 42. Qd8+ Be8 43. Qxe8+ Qg8 44. Qe7 h6 45. Qxd6 Qg5 46. Qxa3 Qe3+ 47.
Kf1 Qd3+ 48. Kf2 Qxf5+ 49. Ke3 Qe5+ 50. Kf3 Qf5+ 51. Ke3 Qe5+ 52. Kf3 Qd5+ 53.
Ke3 Kg8 54. Kf2 Qf5+ 55. Ke3 Qe5+ 56. Kf3 Qd5+ 57. Kf2 Qd2+ 58. Kf3 Qd1+ 59. Kf2
Qc2+ 60. Kf3 Qf5+ 61. Ke3 Qe5+ 1/2-1/2

[Event "TCh-FRA Top 16 GpB 2022"]
[Site "Chartres FRA"]
[Date "2022.06.15"]
[Round "7.4"]
[Board "1"]
[White "Van Foreest, Jorden"]
[Black "Donchenko, Alexander"]
[Result "0-1"]
[WhiteTitle "GM"]
[BlackTitle "GM"]
[WhiteElo "2702"]
[BlackElo "2602"]
[WhiteTeam "Clichy-Echecs-92"]
[BlackTeam "Vandoeuvre-Echecs"]
[WhiteFideId "1039784"]
[BlackFideId "24603295"]
[EventDate "2022.06.09"]

1. e4 c5 2. Nf3 d6 3. d4 cxd4 4. Nxd4 Nf6 5. Nc3 a6 6. Bg5 e6 7. f4 Qb6 8. Qd2
Qxb2 9. Rb1 Qa3 10. Be2 Nbd7 11. O-O Qc5 12. Kh1 Be7 13. f5 e5 14. Ne6 fxe6 15.
fxe6 O-O 16. exd7 Bxd7 17. Rxb7 Ng4 18. h3 Rxf1+ 19. Bxf1 Rf8 20. hxg4 Rxf1+ 21.
Kh2 Bxg5 22. Qxg5 Qg1+ 23. Kh3 h6 0-1

[Event "TCh-FRA Top 16 GpB 2022"]
[Site "Chartres FRA"]
[Date "2022.06.15"]
[Round "7.4"]
[Board "2"]
[White "Hamitevici, Vladimir"]
[Black "Amin, Bassem"]
[Result "0-1"]
[WhiteTitle "GM"]
[BlackTitle "GM"]
[WhiteElo "2482"]
[BlackElo "2681"]
[WhiteTeam "Vandoeuvre-Echecs"]
[BlackTeam "Clichy-Echecs-92"]
[WhiteFideId "13902393"]
[BlackFideId "10601457"]
[EventDate "2022.06.09"]

1. d4 Nf6 2. c4 g6 3. Nc3 d5 4. Nf3 Bg7 5. h4 c6 6. cxd5 cxd5 7. Bf4 Nc6 8. e3
O-O 9. Be2 Bg4 10. Ne5 Bxe2 11. Qxe2 Rc8 12. Rd1 Ne4 13. Nxe4 dxe4 14. Qb5 Qa5+
15. Qxa5 Nxa5 16. O-O Rfd8 17. b4 Bxe5 18. dxe5 Nc4 19. Rxd8+ Rxd8 20. Rc1 Nb6
21. Bh6 Rc8 22. Rd1 e6 23. Rd6 Nc4 24. Rd4 Nxe5 25. Rxe4 f6 26. Rd4 Nf7 0-1